[Event "XII Figueira da Foz Open 2018"]
[Site "Figueira da Foz"]
[Date "2018.10.29"]
[Round "1"]
[White "Lopez de Turiso, Jose Angel"]
[Black "Oratovsky, Michael"]
[Result "0-1"]
[WhiteElo "1933"]
[BlackElo "2466"]
[Annotator "TA"]
[PlyCount "40"]
[EventDate "2018.10.30"]
[EventType "swiss"]
[EventCountry "POR"]
[SourceTitle "playchess.com"]
[Source "ChessBase"]
[SourceQuality "1"]

{[%evp 13,40,0,0,-40,-24,-27,-22,-14,8,-43,-25,-64,-56,-211,-214,-183,-164,-711,-697,-684,-436,-29974,-29975,-29966,-1626,-10927,-29967,-5593,-5080]} 1. c4 e5 2. Nc3 Bb4 3. Qc2 Nf6 4. Nf3 Qe7 5. a3 Bxc3 6. Qxc3 Nc6 7. e3 d5 {LiveBook: 159 Games. A28: English Opening: Four Knights Variation} 8. Be2 $146 ({Predecessor:} 8. d4 exd4 9. Nxd4 Ne5 10. cxd5 Nxd5 11. Qc2 O-O 12. b4 Bg4 13. Be2 Bxe2 14. Qxe2 c5 15. bxc5 Qxc5 {0-1 (48) Khismatullin,D (2632)-Georgiev,K (2623) Riadh 2017}) 8... e4 9. Nd4 Nxd4 {Black has an edge.} 10. Qxd4 dxc4 (10... c5 $5 11. Qc3 $8 dxc4 $15) 11. Bxc4 (11. Qxc4 $11 Be6 12. Qc2) 11... O-O $15 12. d3 Bf5 $36 {[%mdl 2048] Black is pushing.} 13. dxe4 $2 {[#]} ({White should try} 13. O-O $15) 13... Rad8 $1 $19 {[%cal Rd8d4]} ({Stronger than} 13... Qxe4 14. Qxe4 Nxe4 15. f3 $14) ({And not} 13... Bxe4 14. f3 $11) ({Resist} 13... Nxe4 14. Be2 $17) 14. Qc3 Nxe4 15. Qb3 $2 (15. Qa5 Be6 16. Be2) 15... Qg5 16. g3 Bg4 {( -> ...Qa5+)} 17. Be2 {[#]} (17. O-O $19 Qh5 18. Qb5) 17... Bxe2 18. Kxe2 Qh5+ (18... Qg4+ $142 19. f3 Qh3 20. fxe4 Qg2+ 21. Ke1 Qxh1+ 22. Ke2 Rfe8 23. Rb1 Rxe4 24. Ra1 Qxh2+ 25. Kf3 Qh1+ 26. Kf2 Rd1 27. Qxd1 Qxd1 28. b3 Qc2+ 29. Kf1 Re6 30. e4 Qxe4 31. Kg1 Qe1+ 32. Kh2 Re2+ 33. Kh3 Qh1+ 34. Kg4 h5+ 35. Kg5 Re5+ 36. Kf4 Qe4#) 19. Ke1 Qf3 {[%csl Ge4][%cal Rf3f2]} 20. Rf1 Nc5 {Precision: White = 13%, Black = 75%.} 0-1

[Event "XII Figueira da Foz Open 2018"]
[Site "Figueira da Foz"]
[Date "2018.10.29"]
[Round "1"]
[White "Pipiras, Filipa Fortuna"]
[Black "Vassallo Barroche, Mauricio"]
[Result "1/2-1/2"]
[WhiteElo "1853"]
[BlackElo "2378"]
[Annotator "TA"]
[PlyCount "155"]
[EventDate "2018.10.30"]
[EventType "swiss"]
[EventCountry "POR"]
[SourceTitle "playchess.com"]
[Source "ChessBase"]
[SourceQuality "1"]

{[%evp 19,155,-37,0,-20,-4,-16,22,-24,-10,-62,-49,-54,-47,-48,-48,-56,-39,-131,-126,-127,-129,-139,-120,-124,-123,-120,-106,-114,-106,-119,0,-6,0,0,0,-20,0,-27,-27,-29,-29,-126,-7,-6,45,-57,-60,-62,-81,-71,-83,-110,-86,-132,-116,-131,-119,-154,-182,-187,-179,-152,-117,-134,0,-183,-177,-189,-76,-174,-74,-59,-51,-54,-35,-75,-68,-258,-247,-272,-157,-143,-131,-116,-111,-133,-95,-68,0,0,0,0,0,0,0,0,0,0,0,0,0,0,0,0,0,0,0,0,0,0,0,0,0,0,0,0,0,0,0,0,0,0,0,0,0,0,0,0,0,0,0,0,0,0,0,0,0,0]} 1. d4 Nf6 2. c4 g6 3. Nc3 Bg7 4. Nf3 d6 5. Bg5 h6 6. Bh4 g5 7. Bg3 Nh5 8. e3 c5 {E61: King's Indian: Early deviations for White, including Smyslov System} 9. d5 Qa5 (9... Nd7 10. Qc2 Nxg3 11. hxg3 Ne5 12. Be2 Nxf3+ 13. gxf3 Qa5 14. Kf1 Bd7 15. f4 gxf4 16. exf4 {½-½ (26) Svidler,P (2756)-Solak,D (2641) Khanty-Mansiysk 2017}) 10. Qd2 Nd7 {LiveBook: 3 Games. Black is slightly better.} 11. Bd3 a6 $146 ({Predecessor:} 11... Nxg3 12. hxg3 g4 13. Nh4 {½-½ (61) Pedersen,S (2405)-Kovalev,A (2505) Aalborg 1995}) 12. O-O O-O 13. Qc2 b5 14. cxb5 (14. Nd2 $11) 14... axb5 $15 15. Nxb5 Ba6 16. Nc3 Bxd3 17. Qxd3 Rfb8 $36 {[%mdl 2048] Black has good play.} 18. Rab1 (18. Qf5 $1 $15) 18... Bxc3 19. bxc3 Qxa2 20. Rxb8+ Rxb8 21. Qe4 Re8 $1 22. Qd3 Ndf6 23. e4 Rb8 24. Nd2 Nxg3 (24... Rb2 $17 25. Nc4 Re2) 25. hxg3 $11 Nd7 26. Nc4 Qa6 27. Rd1 Rb7 (27... Rb3 {is interesting.} 28. e5 dxe5 29. Qf5 Qxc4 30. Qxd7 Qe2) 28. Ne3 Qxd3 29. Rxd3 {[%mdl 4096] Endgame KRN-KRN} h5 30. f4 (30. Rd2 $11) 30... Rb1+ (30... Nf6 $1 $17 31. e5 Ne4) 31. Rd1 Rb3 (31... Rxd1+ $11 32. Nxd1 Nf6) 32. Rc1 (32. Nf5 $14) 32... Nf6 $15 33. e5 Ne4 34. exd6 exd6 35. Nf5 Nxc3 36. Re1 gxf4 37. gxf4 Rb6 $1 38. Re8+ (38. g3 $17) 38... Kh7 $19 39. Rd8 Ne4 $1 40. Re8 Nf6 41. Rd8 Ne4 42. Re8 $1 {[%cal Re8e4] [#]} Rb4 $1 43. Rd8 Rb1+ 44. Kh2 {[#]} Rb6 (44... c4 $1 $19 45. Rc8 c3) 45. Re8 Nc3 46. Rd8 Nb5 47. Kg3 Kg6 48. Ne7+ $2 (48. Ne3 $15) 48... Kf6 49. Ng8+ Kg7 (49... Kf5 $19 {And now ...Rb7 would win.} 50. Nh6+ Kg6) 50. Ne7 $17 Nd4 51. Kh4 Kf6 52. Nc8 Nf5+ 53. Kxh5 Rb3 (53... Rb2 $1 $15 54. Kg4 Rxg2+ 55. Kf3 Rg3+ 56. Kf2 Rd3 57. Nxd6 Nxd6 58. Rxd6+ Ke7) 54. Rd7 $1 $11 {The position is equal.} Ng7+ 55. Kg4 Nf5 {aiming for ...Rg3+.} 56. Nxd6 Rg3+ 57. Kh5 {[%csl Gd6][%cal Rd7f7]} Nxd6 58. Rxd6+ {KR-KR} Kf5 59. Rc6 Rxg2 {[%cal Rg2h2]} 60. Kh6 Kxf4 61. Rxc5 Ke5 62. Rc7 f5 63. Rf7 Rg8 64. Kh7 Rg1 65. Kh6 Rg2 66. Kh5 Rg8 67. Kh6 f4 {[#]} 68. d6 $1 {[%cal Bd5d6,Bd6d7][%mdl 544]} Ke4 (68... Kxd6 69. Rxf4) 69. d7 Kf3 70. Kh7 (70. Rf5 {looks sharper.} Rd8 71. Rf7 Kg3 72. Rg7+ Kh3 73. Rf7) 70... Rd8 71. Kg6 Kg3 72. Kf6 f3 73. Ke7 Rxd7+ 74. Kxd7 f2 75. Ke6 Kg2 76. Ke5 f1=Q 77. Rxf1 Kxf1 78. Ke4 {Precision: White = 55%, Black = 59%.} 1/2-1/2

[Event "XII Figueira da Foz Open 2018"]
[Site "Figueira da Foz"]
[Date "2018.10.29"]
[Round "1"]
[White "Marques, Joao Paulo C Veloso"]
[Black "Perez Garcia, Rodney Oscar"]
[Result "0-1"]
[WhiteElo "1807"]
[BlackElo "2362"]
[Annotator "TA"]
[PlyCount "106"]
[EventDate "2018.10.30"]
[EventType "swiss"]
[EventCountry "POR"]
[SourceTitle "playchess.com"]
[Source "ChessBase"]
[SourceQuality "1"]

{[%evp 9,106,2,22,22,24,11,18,-37,22,17,16,14,19,20,36,28,26,27,19,22,18,8,8,9,22,17,23,20,66,0,0,0,0,-10,0,0,0,-35,-12,-10,-10,-16,-6,-8,0,0,0,0,0,-8,-12,-12,-2,-22,-19,-19,-14,-30,-16,-51,-33,-61,-61,-64,-66,-129,-125,-131,-75,-116,-120,-350,-352,-387,-362,-625,-582,-596,-320,-29977,-29978,-29979,-29980,-29980,-29981,-29981,-29982,-29982,-29983,-29983,-29984,-29984,-29985,-29985,-29986,-29987,-29988,-29985,-29986]} 1. c4 c6 2. Nf3 d5 3. b3 Bg4 4. Bb2 Bxf3 (4... Nd7 5. e3 e6 6. Be2 Ngf6 7. h3 Bh5 8. O-O Bd6 9. Nc3 O-O 10. Rc1 a6 11. Nh4 Bxe2 12. Qxe2 Qe7 13. d3 Rfd8 14. Rfd1 Rac8 15. cxd5 cxd5 16. Nb1 Nb8 17. Nf3 Nc6 {½-½ (39) Akopian,V (2691)-Dreev,A (2668) Khanty-Mansiysk 2013}) 5. exf3 Nf6 6. d4 {A12: Reti-Eröffnung (New-Yorker-System)} e6 7. Be2 Bb4+ $146 ({Vorgänger:} 7... Bd6 8. O-O O-O 9. Nd2 Nh5 10. g3 Qg5 11. Kh1 Nf6 {1-0 (40) Urpi Torrents,R (2055)-Escur Hereu,J (1587) Balaguer 2013}) 8. Bc3 (8. Nc3 $11) 8... Bd6 (8... c5 $15) 9. O-O $11 Nbd7 10. Nd2 O-O 11. g3 e5 12. dxe5 Bxe5 13. Bxe5 Nxe5 14. f4 Ned7 15. Nf3 Re8 16. Re1 Qb6 17. cxd5 Nxd5 18. Bc4 Qa5 19. Qd2 (19. Bxd5 $14 cxd5 20. Qc2) 19... Qxd2 20. Nxd2 N7b6 21. Kf1 Kf8 22. Rxe8+ Rxe8 23. Re1 Rd8 24. Bxd5 Nxd5 {[%mdl 4096] Endspiel KTS-KTS} 25. Nc4 Nc3 26. Rc1 Nd5 27. Na5 Rd7 28. a3 Ke8 29. h3 Kd8 30. Nc4 Kc7 31. Kg2 f6 32. Kf3 Nb6 {Weiss muss nun ...Td3+ beachten.} 33. Nxb6 Kxb6 {KT-KT} 34. Rc3 c5 35. g4 Kb5 36. h4 a5 37. f5 (37. h5 $15) 37... b6 $17 38. g5 Rd4 ({Günstiger ist} 38... Rd5 39. Kg4 a4) 39. Kg3 a4 40. bxa4+ $2 (40. Re3 $17) 40... Kxa4 $19 ({Weniger gut wäre} 40... Rxa4 41. Re3 $17) 41. Re3 {[#]} c4 $1 42. gxf6 $2 (42. f3 Rd7 43. g6) 42... gxf6 {zielt auf ...Td3 ab.} 43. Re6 c3 44. Rxf6 $2 (44. Rc6 $19 Kb3 45. Rxb6+ Kxa3 46. Rxf6) 44... Rc4 {Schwarz setzt Matt.} 45. Re6 c2 46. Re1 c1=Q 47. Rxc1 Rxc1 48. Kg4 Kxa3 {KT-K3B} 49. f6 b5 {[%cal Bb6b5,Bb5b4,Bb4b3,Bb3b2][%mdl 32]} 50. f7 Rc8 51. Kf5 b4 52. Kf6 b3 53. Kg7 b2 {Precision: Weiß = 40%, Schwarz = 54%.} 0-1

[Event "XII Figueira da Foz Open 2018"]
[Site "Figueira da Foz"]
[Date "2018.10.29"]
[Round "1"]
[White "Asvestopoulou, Evdokia"]
[Black "Roettgen, Juergen"]
[Result "0-1"]
[WhiteElo "1720"]
[BlackElo "2169"]
[Annotator "NA"]
[PlyCount "58"]
[EventDate "2018.10.30"]
[EventType "swiss"]
[EventCountry "POR"]
[SourceTitle "playchess.com"]
[Source "ChessBase"]
[SourceQuality "1"]
[TimeControl "40/5400+30:1800+30"]

1. d4 {[%emt 0:00:00]} d5 {[%emt 0:00:00]} 2. c4 {[%emt 0:00:00]} c6 {[%emt 0:00:00]} 3. Nf3 {[%emt 0:00:18]} Nf6 {[%emt 0:00:09]} 4. Nc3 {[%emt 0:00:47]} dxc4 {[%emt 0:00:29]} 5. a4 {[%emt 0:00:22]} Bg4 {[%emt 0:00:37]} 6. e3 {[%emt 0:08:09]} Nbd7 {[%emt 0:05:37]} 7. Bxc4 {[%emt 0:01:50]} e6 {[%emt 0:00:26]} 8. O-O {[%emt 0:04:28]} Be7 {[%emt 0:06:30]} 9. h3 {[%emt 0:04:43]} Bh5 {[%emt 0:00:37]} 10. Re1 {[%emt 0:06:42]} O-O {[%emt 0:03:42]} 11. e4 {[%emt 0:03:01]} e5 {[%emt 0:04:47]} 12. g4 {[%emt 0:05:46]} exd4 {[%emt 0:01:56]} 13. Nxd4 {[%emt 0:02:35]} Bg6 {[%emt 0:08:37]} 14. Bf4 {[%emt 0:08:51]} Nb6 {[%emt 0:03:40]} 15. Bb3 {[%emt 0:02:52]} Bc5 {[%emt 0:04:39]} 16. Nf5 {[%emt 0:04:44]} Bxf5 {[%emt 0:08:16]} 17. exf5 {[%emt 0:01:04]} Nfd5 {[%emt 0:02:21]} 18. Nxd5 {[%emt 0:05:26]} Nxd5 {[%emt 0:01:37]} 19. Bg3 {[%emt 0:02:20]} Qa5 {[%emt 0:06:12]} 20. Qf3 {[%emt 0:09:58]} Rad8 {[%emt 0:03:58]} 21. g5 {[%emt 0:03:09]} Kh8 {[%emt 0:05:30]} 22. Re4 {[%emt 0:05:03]} f6 {[%emt 0:03:27]} 23. gxf6 {[%emt 0:04:18]} Nxf6 {[%emt 0:02:19]} 24. Rh4 {[%emt 0:02:45]} Qd2 {[%emt 0:04:43]} 25. Be5 {[%emt 0:04:33]} Rd3 {[%emt 0:03:01]} 26. Rd1 {[%emt 0:01:28]} Rxf3 {[%emt 0:03:35]} 27. Rxd2 {[%emt 0:00:18]} Rxb3 {[%emt 0:00:11]} 28. Bxf6 {[%emt 0:00:25]} Rxf6 {[%emt 0:00:44]} 29. Rd8+ {[%emt 0:01:59]} Rf8 0-1

[Event "XII Figueira da Foz Open 2018"]
[Site "Figueira da Foz"]
[Date "2018.10.29"]
[Round "1"]
[White "Moes Joaquim, Carlos"]
[Black "Margarido, Jose Miguel Teixeir"]
[Result "0-1"]
[WhiteElo "1415"]
[BlackElo "2121"]
[Annotator "NA"]
[PlyCount "58"]
[EventDate "2018.10.30"]
[EventType "swiss"]
[EventCountry "POR"]
[SourceTitle "playchess.com"]
[Source "ChessBase"]
[SourceQuality "1"]
[TimeControl "40/5400+30:1800+30"]

1. d4 {[%emt 0:00:00]} Nf6 {[%emt 0:00:44]} 2. c4 {[%emt 0:00:12]} e6 {[%emt 0:00:08]} 3. Nc3 {[%emt 0:01:14]} Bb4 {[%emt 0:00:05]} 4. Qc2 {[%emt 0:00:46]} c5 {[%emt 0:02:42]} 5. Nf3 {[%emt 0:07:44]} cxd4 {[%emt 0:03:26]} 6. Nxd4 {[%emt 0:00:23]} Nc6 {[%emt 0:00:27]} 7. Nxc6 {[%emt 0:05:03]} bxc6 {[%emt 0:00:35]} 8. a3 {[%emt 0:00:10]} Be7 {[%emt 0:00:41]} 9. e4 {[%emt 0:02:05]} e5 {[%emt 0:04:49]} 10. Bd3 {[%emt 0:00:50]} O-O {[%emt 0:00:42]} 11. O-O {[%emt 0:00:18]} d6 {[%emt 0:01:19]} 12. f4 {[%emt 0:05:21]} Ng4 {[%emt 0:01:47]} 13. Qe2 {[%emt 0:01:39]} exf4 {[%emt 0:02:06]} 14. Bxf4 {[%emt 0:00:38]} Bg5 {[%emt 0:04:11]} 15. Rad1 {[%emt 0:05:38]} Bxf4 {[%emt 0:06:38]} 16. Rxf4 {[%emt 0:02:44]} Ne5 {[%emt 0:01:38]} 17. c5 {[%emt 0:02:28]} Qg5 {[%emt 0:05:33]} 18. Qf1 {[%emt 0:00:18]} Nxd3 {[%emt 0:00:41]} 19. Rxd3 {[%emt 0:00:27]} Ba6 {[%emt 0:06:18]} 20. Rf5 {[%emt 0:02:08]} Bxd3 {[%emt 0:00:50]} 21. Qxd3 {[%emt 0:00:23]} Qc1+ {[%emt 0:00:32]} 22. Nd1 {[%emt 0:00:51]} dxc5 {[%emt 0:00:29]} 23. Rf1 {[%emt 0:01:19]} Rad8 {[%emt 0:00:26]} 24. Qf3 {[%emt 0:02:19]} Qd2 {[%emt 0:01:19]} 25. e5 {[%emt 0:01:00]} Qd4+ {[%emt 0:00:32]} 26. Kh1 {[%emt 0:00:38]} Qxe5 {[%emt 0:00:17]} 27. Qxc6 {[%emt 0:00:16]} Qe2 {[%emt 0:01:30]} 28. Qf3 {[%emt 0:00:10]} Qxf3 {[%emt 0:00:07]} 29. gxf3 {[%emt 0:00:09]} Rd2 {[%emt 0:00:10]} 0-1

[Event "XII Figueira da Foz Open 2018"]
[Site "Figueira da Foz"]
[Date "2018.10.30"]
[Round "2"]
[White "Jakubowski, Krzysztof"]
[Black "Lisowski, Krzysztof"]
[Result "1-0"]
[WhiteElo "2511"]
[BlackElo "2095"]
[Annotator "TA"]
[PlyCount "67"]
[EventDate "2018.10.30"]
[EventType "swiss"]
[EventCountry "POR"]
[SourceTitle "playchess.com"]
[Source "ChessBase"]
[SourceQuality "1"]

{[%evp 20,67,20,10,131,120,128,131,132,127,129,123,131,128,142,132,141,138,153,146,156,158,193,186,177,158,202,187,200,206,233,231,218,213,200,215,392,369,370,380,452,445,760,312,495,483,620,584,630,631]} 1. c4 e6 2. d4 Nf6 3. Nc3 d5 4. cxd5 exd5 5. Bg5 Be7 6. e3 c6 7. Qc2 Nbd7 8. Bd3 O-O 9. Nge2 Re8 10. O-O h6 11. Bf4 Nh5 {D36: Queen's Gambit Declined: Exchange Variation: Main line (5 Bg5 c6 6 Qc2)} (11... Bf8 $11 {remains equal.}) (11... Nf8 12. a3 a5 13. f3 Nh5 14. Be5 f6 15. Bg3 Nxg3 16. Nxg3 Bd6 17. Rae1 Qc7 18. f4 Be6 19. Nf5 Bxf5 20. Bxf5 {1-0 (68) Nepomniachtchi,I (2720)-Naiditsch,A (2722) Dortmund 2015 CBM 167 [Sagar Shah]}) 12. Nxd5 $16 Nxf4 13. Nxe7+ Qxe7 {White is clearly better.} 14. Nxf4 Nf6 15. Rac1 a5 $146 ({Predecessor:} 15... Be6 16. a3 Bd5 17. Rfe1 Be4 18. Bxe4 Nxe4 19. f3 {½-½ (43) Ljubicic,F (2398)-Bujisic,V (2249) Bar 2007}) 16. Qc5 Qd8 17. Rfd1 Bg4 18. Rd2 a4 19. h3 Ra5 20. Qb4 Bc8 21. Rc5 Ra8 22. a3 g5 23. Ne2 Nd5 24. Qc4 Bd7 25. e4 {[%cal Be3e4,Be4e5][%mdl 32]} b6 26. Rxc6 ({And not} 26. exd5 bxc5 27. Bc2 (27. dxc5 Qa5 $11) (27. Qxc5 cxd5 28. Qxd5 Rc8 $11) 27... Qa5 $11) 26... Bxc6 27. Qxc6 Nf6 $2 {[#]} (27... Nf4) 28. e5 $18 Re6 29. Qf3 Ne8 30. Qe4 Ra5 (30... Nf6 $142 31. Qf5 Ra5) 31. Nc3 (31. Qh7+ $142 Kf8 32. Ng3) 31... Rg6 (31... Nf6 $142 32. Qf3 Nd5) 32. d5 {White is clearly winning.} Nc7 33. Bc2 Rc5 34. Qxa4 {Precision: White = 74%, Black = 17%.} 1-0

[Event "XII Figueira da Foz Open 2018"]
[Site "Figueira da Foz"]
[Date "2018.10.30"]
[Round "2"]
[White "Rotstein, Arkadij"]
[Black "Martin Duque, Jesus"]
[Result "1/2-1/2"]
[WhiteElo "2476"]
[BlackElo "2354"]
[Annotator "TA"]
[PlyCount "76"]
[EventDate "2018.10.30"]
[EventType "swiss"]
[EventCountry "POR"]
[SourceTitle "playchess.com"]
[Source "ChessBase"]
[SourceQuality "1"]

{[%evp 16,76,11,1,8,8,14,10,18,16,22,12,18,-58,-9,-28,20,11,11,17,20,17,20,11,15,0,17,2,7,0,0,0,13,15,19,14,35,33,121,128,224,247,242,233,238,231,309,287,254,0,0,0,0,0,0,0,0,0,0,0,0,0,0]} 1. Nf3 d5 2. g3 Bg4 3. Bg2 c6 4. O-O Nd7 5. d4 Ngf6 6. Nbd2 e6 7. Re1 Be7 8. e4 O-O 9. c3 a5 {D02: 1 d4 d5 2 Nf3 sidelines, including 2...Nf6 3 g3 and 2...Nf6 3 Bf4} (9... Rc8 10. Qe2 c5 11. exd5 Nxd5 12. h3 Bh5 13. Nb3 cxd4 14. Nbxd4 Bc5 15. g4 Bg6 16. Bg5 Qc7 17. Rad1 Rfe8 {0-1 (40) Rakhmanov,A (2634)-Artemiev,V (2706) Sochi 2018}) 10. a4 Bh5 11. Qb3 Rb8 12. exd5 exd5 13. Nf1 Bd6 14. Ne5 $146 (14. Nh4 $11) ({Predecessor:} 14. Nh4 Re8 15. Rxe8+ Nxe8 16. Bd2 Bc7 17. Re1 {½-½ (51) Tratar,M (2471)-Santos Latasa,J (2531) San Sebastian 2016}) 14... Re8 {[%cal Rd7e5]} (14... Bxe5 $5 15. dxe5 Nc5 $15) 15. Bf4 {aiming for Nxf7!} (15. f4 {is interesting.} Bc7 16. Bd2 h6 17. h3 Ne4 18. Bxe4 Nxe5 19. dxe5 dxe4 20. g4) 15... Qc7 {[%cal Rd7e5]} (15... Bxe5 {seems wilder.} 16. dxe5 Nc5 17. Qa3 Nd3 18. Re3 Nxf4 19. gxf4 Ng4) 16. Nxd7 Qxd7 17. Bxd6 Qxd6 18. Rxe8+ Nxe8 19. Re1 Bg6 20. Nd2 Nf6 21. Qb6 Qd8 $1 {[%cal Rd8b6]} 22. Qc5 Bf5 23. b4 axb4 24. cxb4 Ra8 25. a5 Be6 26. Nb3 Qf8 (26... Bf5 $14) 27. Qb6 $1 $16 Nd7 (27... Rb8 $16) 28. Qxb7 $18 {Strongly threatening Rxe6!} Rb8 29. Qxc6 Qxb4 {[#]} 30. Re3 $1 Nf6 31. a6 Rb6 {[#]} 32. Rxe6 $2 ({White must play} 32. Qa8+ $1 $18 Rb8 33. Qa7) 32... fxe6 $11 {The position is equal.} 33. a7 Rxc6 34. a8=Q+ Kf7 35. Qxc6 Qxb3 36. Qc7+ Kf8 37. Qc8+ Kf7 38. Qc7+ Kf8 {Precision: White = 71%, Black = 44%.} 1/2-1/2

[Event "XII Figueira da Foz Open 2018"]
[Site "Figueira da Foz"]
[Date "2018.10.30"]
[Round "2"]
[White "Oratovsky, Michael"]
[Black "Garcia Dorado, Alberto"]
[Result "1-0"]
[WhiteElo "2466"]
[BlackElo "2206"]
[Annotator "TA"]
[PlyCount "101"]
[EventDate "2018.10.30"]
[EventType "swiss"]
[EventCountry "POR"]
[SourceTitle "playchess.com"]
[Source "ChessBase"]
[SourceQuality "1"]

{[%evp 25,101,16,29,33,27,16,25,0,49,45,41,40,100,83,93,77,115,112,150,122,143,81,121,131,158,131,144,124,110,86,164,147,299,256,317,321,539,522,499,301,291,262,332,329,322,330,303,271,838,739,715,715,697,331,296,310,628,609,554,580,889,478,436,427,3011,2683,977,435,377,146,158,145,4718,4718,29988,29989,29992,29993]} 1. e4 e6 2. d4 d5 3. Nd2 c5 4. Ngf3 cxd4 5. Nxd4 Nc6 6. Bb5 Bd7 7. Nxc6 bxc6 8. Bd3 Qc7 9. Qe2 {C07: French Tarrasch: 3...c5, 4 Ngf3 and 4 exd5 Qxd5} Ne7 (9... Bd6 10. Nf3 dxe4 11. Qxe4 Nf6 12. Qh4 h6 13. Bd2 c5 14. O-O-O Rb8 15. Rhe1 Bc6 16. Bc3 Bxf3 17. gxf3 {1-0 (42) McShane,L (2644)-Howell,D (2702) Llandudno 2017}) 10. Nf3 Ng6 11. O-O Bd6 12. Re1 Nf4 13. Bxf4 Bxf4 {LiveBook: 15 Games} 14. g3 Bd6 15. exd5 cxd5 16. Rac1 $146 ({Predecessor:} 16. c4 dxc4 17. Bxc4 O-O 18. Rac1 Qb6 19. Ne5 {½-½ (19) Nemcova,K (2333)-Szabo,G (2562) Paramaribo 2015}) 16... O-O 17. c4 $1 {[%cal Bc2c4,Bc4c5][%mdl 32]} Qa5 18. a3 g6 {[#]} (18... Rfc8 $14) 19. c5 $1 $36 {[%cal Rc5d6][%mdl 2560] White is in control.} Be7 (19... Bxc5 20. b4) 20. Ne5 Qc7 21. b4 Bc8 22. f4 a6 23. h4 (23. Kh1 $142) 23... f6 {[#]} 24. Nf3 $1 Re8 25. Kg2 Bf8 26. h5 gxh5 27. Bb1 e5 (27... Qf7 $16 {is a better defense.}) 28. fxe5 $18 fxe5 $2 (28... Bg4 $16) 29. Nxe5 Bg4 30. Qd3 Bh6 $2 (30... Be6 31. Re2 d4) 31. Nxg4 hxg4 32. Qxd5+ Kh8 33. Qd4+ Bg7 34. Qxg4 Bb2 35. Rcd1 Rg8 36. Qh3 Rxg3+ $2 (36... Rg7 37. Re3 Rf8) 37. Qxg3 Rg8 {[#]} 38. Qxg8+ $3 Kxg8 39. Re3 (39. Ba2+ $142 Kg7 40. Rd6) 39... Be5 40. Ba2+ Kg7 $2 (40... Kh8 41. Rd5 Qg7+ 42. Kf2 Qf8+ 43. Rf3 Qe7) 41. Rd5 Bf4 42. Rf3 Kh8 43. Kf2 Bh6 44. Rd6 {Rf7 is the strong threat.} Bg7 (44... Qe7 $142 45. Rxh6 Qe5 46. Rxa6 Qb2+ 47. Ke3 Qxa2 48. Rf8+ Kg7) 45. Rf7 Qb8 46. Rfd7 (46. Kf3 $142) 46... Bf6 47. Bf7 $2 (47. Bc4 $18) 47... Bh4+ $16 48. Kf3 Qf8 $2 {[%mdl 8192]} (48... Qb5 $16) 49. Re6 $18 Qa8+ 50. c6 Be7 51. Rdxe7 {Precision: White = 59%, Black = 28%.} 1-0

[Event "XII Figueira da Foz Open 2018"]
[Site "Figueira da Foz"]
[Date "2018.10.30"]
[Round "2"]
[White "Vassallo Barroche, Mauricio"]
[Black "Dias, Jose Oliveira Gaspa"]
[Result "1-0"]
[WhiteElo "2378"]
[BlackElo "1605"]
[Annotator "TA"]
[PlyCount "95"]
[EventDate "2018.10.30"]
[EventType "swiss"]
[EventCountry "POR"]
[SourceTitle "playchess.com"]
[Source "ChessBase"]
[SourceQuality "1"]

{[%evp 14,95,47,33,62,48,95,65,66,53,84,49,63,70,108,99,154,146,148,73,165,171,184,184,184,184,195,185,237,229,253,258,267,267,267,267,276,267,295,293,294,295,285,285,396,266,266,265,265,264,266,266,293,239,239,239,239,239,239,239,334,256,468,454,454,454,454,430,495,457,470,454,940,924,918,883,29983,29984,29984,29985,29985,29986,29986,29987]} 1. d4 d5 2. c4 e6 3. Nc3 c6 4. Nf3 f5 5. Bf4 Nf6 6. e3 Bd6 7. Ne5 O-O {A84: Dutch Defence: 2 c4 Miscellaneous} 8. Bd3 {LiveBook: 5 Games} a5 (8... Ne4 9. h3 Nd7 10. Bxe4 Bxe5 11. Bxd5 exd5 12. dxe5 dxc4 13. Qd6 Re8 14. O-O-O Qe7 15. Qxe7 Rxe7 {½-½ (37) Gormally,D (2474)-Hanley,C (2446) England 2018}) 9. h3 $146 ({Predecessor:} 9. O-O Na6 10. a3 Ne4 11. Nxe4 fxe4 12. Bc2 Nc7 13. f3 exf3 14. Rxf3 Ne8 15. Bxh7+ Kxh7 {1-0 (29) Melo Aballi,I-Rodriguez Lobeto,B (2077) Havana 2009}) 9... Bb4 {White is slightly better.} 10. Qc2 Nbd7 11. Nf3 Ne4 12. c5 a4 {[#] ...a3 is the strong threat.} 13. a3 Ba5 14. O-O Nxc3 (14... Bxc3 $142 15. bxc3 b5) 15. bxc3 $16 Bc7 16. Rfe1 (16. Bxc7 $142 Qxc7 17. c4) 16... Nf6 (16... e5 $16 {was called for.}) 17. Rab1 {[%cal Ba1b1,Bb1b4,Bb4b6][%mdl 32]} Bxf4 18. exf4 Qc7 19. g3 h6 20. h4 g6 (20... Bd7 {keeps fighting.} 21. Rb6 Ng4) 21. Kg2 Rf7 22. Rb4 Qa5 23. Ne5 Rg7 24. Rb6 h5 25. Reb1 Nd7 26. Nxd7 Rxd7 27. R1b4 Qa7 28. Qe2 Kf7 29. Bc2 Qb8 30. Bxa4 Qc7 31. Qb2 Ra7 32. Bd1 Qd8 33. a4 Qe7 34. Qd2 Kg7 35. Rb2 Kh7 36. Ra2 Ra6 37. a5 Rxb6 $2 {[#]} (37... Ra7 38. a6 Rc7 39. axb7 Rxa2 40. Qxa2 Bxb7) 38. cxb6 $18 ({Not} 38. axb6 Rd8 $18) 38... c5 39. Ba4 Rd8 40. Bb5 Qd6 41. Qe3 c4 42. Qe5 Qe7 (42... Kh6 $142 43. Kf3 Qxe5 44. dxe5 Kg7) 43. a6 ({Weaker is} 43. Qc7 Qxc7 44. bxc7 Rf8 $18) 43... bxa6 44. Bxa6 Bxa6 45. Rxa6 {White mates.} Rd7 46. Ra8 {[%csl Ga8][%cal Re5h8]} Qg7 47. Qxg7+ Kxg7 48. Ra7 {Precision: White = 70%, Black = 36%.} 1-0